Score 0/55 Timer 02:00
1 Play Today
% Correct


Birthstone
100%


Pixar Film Before 2010
99.9%


FREE SPACE
99.9%


European Microstates
99.9%


Clue(do) Weapon
99.9%


Scottish City
92.4%


Four-Letter President
90.1%


Alkaline Earth Metal
89.7%


Anagram of 'BUSTLE'
85.8%


Ivy League School
81%


Wii Sports Sport
78.3%


Harper Lee Novel
76%


Anagram of 'RATTLES'
74.7%


Anagram of 'CAUTIONED'
74.6%


Nobel Prize Category
73.9%


Two-word US State Capital
73.6%


Michael Jackson Album
72.9%


MLS Team Nickname
70.8%


Disciple of Jesus
70.8%


Moon of Pluto
70%


'Friends' Main Character
67.4%


Anagram of 'CLAIMED'
67.2%


'G' Sporcle Category
65.5%


Deadly Sin
65.5%


Border of India
63.9%


Poker Hand
63.6%


Anagram of 'TIRADES'
63.5%


Field Event
63.3%
% Correct


Mario Kart 64 Racer
62.3%


Horseman of the Apocalypse
61.7%


South African Language
60.2%


NHL Animal Nicknames
60.1%


Anagram of 'REDUCTIONS'
58.6%


Anagram of 'PERSIST'
57.6%


'Seven Dwarfs' Dwarf
57.1%


Day of the Week in German
56.6%


Great Lake
55.7%


12 Days of Christmas Bird
55.4%


Zodiac Sign
55.3%


Spice Girl
55.1%


Queen of England
55%


Halogen
53.9%


Shakespearean Tragedy
52.7%


Disney Princess
52.6%


Major Japanese Island
52%


Word Ending '-mt'
51.5%


Anagram of 'SPIRACLE'
51.3%


One-Word Bond Film
51.1%


Pillar of Islam
45.9%


Book of the Pentateuch
45.3%


SI Base Unit
42.9%


Hogwarts House
42.8%


Premier League Winner
33.6%


Word Ending '-oir'
31.9%


Moon of Mars
26.5%
Remove Ads.
Support Sporcle.
Get the best of Sporcle when you Go Orange. This ad-free experience offers more features, more stats, and more fun while also helping to support Sporcle. Thank you for becoming a member.

You're not logged in!

Compare scores with friends on all Sporcle quizzes.
OR
Log In

Show Comments

Extras

Top Quizzes Today


Score Distribution

Your Account Isn't Verified!

In order to create a playlist on Sporcle, you need to verify the email address you used during registration. Go to your Sporcle Settings to finish the process.

Report this User

Report this user for behavior that violates our Community Guidelines.

Details: